[Event "45th Olympiad Budapest 2024"]
[Site "Budapest"]
[Date "2024.09.11"]
[Round "1"]
[Board "2"]
[White "Kakulidis, Ellen"]
[Black "Shariff, Sasha Christina"]
[Result "1-0"]
[WhiteElo "2048"]
[BlackElo "1538"]
[PlyCount "85"]
[EventDate "2024.09.11"]
[EventType "team-tourn"]
[EventRounds "11"]
[EventCountry "HUN"]
[WhiteTeam "Denmark"]
[BlackTeam "Guyana"]
[WhiteTeamCountry "DEN"]
[BlackTeamCountry "GUY"]

1. d4 d5 2. c4 c6 3. Nf3 Nf6 4. g3 e6 5. Bg2 Be7 6. O-O O-O 7. Qc2 Nbd7 8. Nbd2 b6 9. e4 dxe4 10. Nxe4 Nxe4 11. Qxe4 Bb7 12. Rd1 Nf6 13. Qc2 ({RR} 13. Qe2 Rc8 14. Bf4 Nd7 15. Rac1 Qe8 16. Nd2 Nf6 17. Ne4 Nxe4 18. Bxe4 Qd7 19. c5 Rfd8 20. b4 Qe8 21. h4 b5 22. h5 h6 23. Rd2 a5 24. a3 axb4 25. axb4 Ra8 26. Be5 Bf8 27. Bc2 Ra3 {1-0 Matlakov,M (2671)-Bharath,S (2479) Titled Tuesday intern op 07th Jun Early blitz 2022 (7)}) 13... Rc8 14. Bf4 ({RR} 14. c5 Nd5 15. Ne5 Bf6 16. a3 Re8 17. b4 Bxe5 18. dxe5 Qc7 19. f4 Red8 20. Be4 g6 21. h4 Ne7 22. Be3 Nf5 23. Bf2 Rxd1+ 24. Rxd1 b5 25. Bxf5 gxf5 26. Rd6 a6 27. Qe2 Kh8 28. Qh5 Rg8 {1-0 Mikhalsky,V (2219)-Coe,W (2078) Titled Tue 20th Feb Late 2024 (2)}) 14... Bd6 15. Bxd6 $146 ({RR} 15. Be5 Qe7 16. Ng5 g6 17. Qd2 Rfd8 18. Qf4 Ne8 19. Ne4 f5 20. Nc3 Rd7 21. Re1 Rcd8 22. d5 exd5 23. cxd5 cxd5 24. Nxd5 Qf7 25. Bxd6 Nxd6 26. Nc3 Bxg2 27. Kxg2 Ne8 28. Re2 Nf6 29. Rae1 Rd4 {½-½ Harestad,H (2265)-Palm,N (2253) Copenhagen Bronshoj op 2012 (5)}) ({RR} 15. Be5 Qe7 16. Ng5 g6 17. Qd2 Rfd8 18. Qf4 Nh5 19. Qe3 Nf6 20. h3 Rd7 21. Re1 Rcd8 22. Bf3 c5 23. Bxb7 cxd4 24. Bxd6 dxe3 25. Bxe7 exf2+ 26. Kxf2 Rxe7 27. Bf3 Red7 28. Rad1 Kf8 29. Rxd7 Rxd7 {1-0 Ignacz,M (2242)-Trivunovic,J (1827) EU-chT U18 Girls 7th 2007 (6)}) ({RR} 15. Be5 Qc7 16. b4 Rfd8 17. c5 Bxe5 18. Nxe5 Nd5 19. a3 b5 20. Nf3 Qe7 21. Nd2 Nf6 22. Nf3 {½-½ Metaxasz,V (2190)-Sallai,K (2198) Budapest FS12 FM-A 2003 (2)}) 15... Qxd6 16. Rac1 c5 17. dxc5 Qxc5 18. b3 Be4 19. Qe2 Rfd8 20. Nh4 Bxg2 21. Nxg2 Rd4 22. Rxd4 Qxd4 23. Rd1 Qc5 24. Rd3 e5 25. Ne3 e4 26. Rd2 Re8 27. Qd1 g6 28. Rd6 Re6 29. Rxe6 fxe6 30. Qd8+ Kg7 31. h3 Qf8 32. Qd4 e5 33. Qxe5 Qe8 34. Qxe8 Nxe8 35. Nd5 Kf7 36. Kf1 Ke6 37. Ke2 Ke5 38. Ke3 b5 39. Ne7 bxc4 40. bxc4 Kd6 41. Nc8+ Kc7 42. Nxa7 Nd6 43. Nb5+ 1-0

[Event "45th Olympiad Budapest 2024"]
[Site "Budapest"]
[Date "2024.09.11"]
[Round "1"]
[Board "3"]
[White "Joshi, Aditi Narayan"]
[Black "Guindy, Esmat Susanne"]
[Result "0-1"]
[WhiteElo "1535"]
[BlackElo "2015"]
[PlyCount "104"]
[EventDate "2024.09.11"]
[EventType "team-tourn"]
[EventRounds "11"]
[EventCountry "HUN"]
[WhiteTeam "Guyana"]
[BlackTeam "Denmark"]
[WhiteTeamCountry "GUY"]
[BlackTeamCountry "DEN"]

1. d4 d5 2. c4 e6 3. Nf3 Be7 4. Nc3 Nf6 5. Bg5 O-O 6. e3 h6 7. Bh4 Ne4 8. Bxe7 Qxe7 9. cxd5 Nxc3 10. bxc3 exd5 11. Bd3 c5 12. dxc5 ({RR} 12. O-O Nc6 13. Re1 Rd8 14. e4 dxe4 15. Bxe4 Qf6 16. d5 Ne7 17. c4 Bg4 18. Qb3 Bxf3 19. Bxf3 Nf5 20. Qxb7 Nd6 21. Qc6 Rdc8 22. Qa6 g6 23. Rab1 Rd8 24. Qc6 Rdc8 25. Qa6 Rd8 26. Re3 Qd4 {1-0 Nakamura,H (2779)-Caruana,F (2823) Saint Louis Showdown 60m 2016 (5)}) ({RR} 12. O-O Nc6 13. Re1 Qf6 14. e4 dxe4 15. Bxe4 cxd4 16. cxd4 Bg4 17. d5 Rad8 18. h3 Bxf3 19. Qxf3 Qxf3 20. gxf3 Na5 21. f4 Nc4 22. Rab1 Nd6 23. Bf3 Rfe8 24. Re5 Kf8 25. Rc1 Rc8 26. Rxe8+ Kxe8 {0-1 Kingsley,E (1861)-Johansson,L (2434) Elite Hotels Vaxjo Open 2024 (1.5)}) 12... Qd7 $146 ({RR} 12... Qxc5 13. Qb3 Nc6 14. O-O Bg4 15. Nd4 Ne5 16. Bf5 b6 17. h3 Bxf5 18. Nxf5 Rfd8 19. Rfd1 Kf8 20. Rac1 Rac8 21. Qa4 b5 22. Qf4 Ng6 23. Qg4 Qa3 24. Qd4 f6 25. Qg4 Kf7 26. h4 Rc4 27. Nd4 {½-½ Vojta,P (2160)-Polak,B (2138) CZE-chT2C 1011 2010 (4.3)}) ({RR} 12... Qxc5 13. Qb3 Nc6 14. O-O b6 15. h3 Be6 16. Nd4 Rac8 17. Nxe6 fxe6 18. Rac1 Ne5 19. Bb1 Rf6 20. Qc2 Nc4 21. Rfd1 Na3 22. Qh7+ Kf7 23. Bd3 Qf8 24. e4 dxe4 25. Qxe4 Qc5 26. Rd2 Rc7 27. Rcd1 {1-0 Ornstein,A (2419)-Blomqvist,E (2421) SWE-chT 0910 2009 (1)}) ({RR} 12... Qxc5 13. Rc1 Nc6 14. h3 Qa5 15. Qd2 Bd7 16. O-O Rad8 17. Rfd1 Bc8 18. Bb1 Qc7 19. Qc2 g6 20. Qa4 a6 21. Qh4 Kg7 22. Nd4 Qe7 23. Qxe7 Nxe7 24. Bd3 Rd6 25. Rb1 Rfd8 26. Kf1 R6d7 27. Ke2 {½-½ Florean,A (2455)-Yegiazarian,A (2455) Ciocaltea Memorial 1998 (8)}) 13. c6 Qxc6 14. Qd2 Qc5 15. O-O Nc6 16. Rac1 b6 17. Bc2 Na5 18. Bb1 Bb7 19. Qd3 g6 20. Ne5 Qe7 21. Qd4 Kh7 22. c4 Nxc4 23. Nxc4 dxc4 24. Qxc4 Qg5 25. Be4 Rac8 26. Qd3 Rfd8 27. Qb1 Rxc1 28. Rxc1 Bxe4 29. Qxe4 Qc5 30. Re1 Qa5 31. Rf1 Qxa2 32. h4 Qd5 33. Qc2 b5 34. e4 Qd3 35. Qc7 Rd7 36. Qf4 Re7 37. Qb8 a5 38. f3 b4 39. Qa8 Qd4+ 40. Kh1 Ra7 41. Qc8 b3 42. Qg4 Qd7 43. Qf4 a4 44. Qe3 Qe7 45. Qc3 Rb7 46. Rb1 Qc7 47. Qa1 Qc2 48. Rb2 Qxb2 49. Qxb2 a3 50. Qxa3 b2 51. e5 b1=Q+ 52. Kh2 Qe1 0-1

[Event "45th Olympiad Budapest 2024"]
[Site "Budapest"]
[Date "2024.09.11"]
[Round "1"]
[Board "1"]
[White "Maksimovic, Masa"]
[Black "Ahmed, Najla"]
[Result "1-0"]
[WhiteElo "2093"]
[BlackElo "1539"]
[PlyCount "85"]
[EventDate "2024.09.11"]
[EventType "team-tourn"]
[EventRounds "11"]
[EventCountry "HUN"]
[WhiteTeam "Bosnia & Herzegovina"]
[BlackTeam "Bahrain"]
[WhiteTeamCountry "BIH"]
[BlackTeamCountry "BHN"]

1. e4 c6 2. d4 d5 3. Nc3 dxe4 4. Nxe4 Nf6 5. Nxf6+ exf6 6. c3 Bd6 7. Bd3 O-O 8. Qc2 Re8+ 9. Ne2 h5 10. O-O Nd7 11. Bd2 Nf8 12. c4 h4 13. h3 Bd7 14. Rae1 Rc8 15. b4 Bb8 $146 ({RR} 15... b5 16. c5 Bb8 17. d5 cxd5 18. Nd4 a6 19. a4 a5 20. axb5 axb4 21. c6 Qc7 22. Nf3 Be6 23. Bxb4 g6 24. Ra1 Nh7 25. Bd2 Ng5 26. Bxg5 fxg5 27. Rfb1 g4 28. b6 Qf4 29. hxg4 Qxg4 30. c7 {1-0 Poliakova,V (1973)-Babiy,O (2303) Swiss Queens Wed #3 2024 (2.115)}) 16. Qd1 Ng6 17. Qc2 Qc7 18. f4 Nf8 19. Qb1 Rcd8 20. Nc3 Bc8 21. d5 a6 22. a3 Ba7+ 23. c5 cxd5 24. Rxe8 Rxe8 25. Nxd5 Qd8 26. Bc4 Be6 27. Qb3 Qd7 28. Be1 Rd8 29. Ne3 b6 30. f5 Bxc4 31. Qxc4 Qc7 32. Bf2 bxc5 33. Rc1 Rd4 34. Qxd4 cxd4 35. Rxc7 dxe3 36. Rxa7 exf2+ 37. Kxf2 g6 38. Rxa6 Kg7 39. b5 Nd7 40. b6 gxf5 41. b7 Kg6 42. Rd6 Nb8 43. Rd8 1-0

[Event "45th Olympiad Budapest 2024"]
[Site "Budapest"]
[Date "2024.09.11"]
[Round "1"]
[Board "2"]
[White "Almusawi, Maram"]
[Black "Babic, Milana"]
[Result "0-1"]
[WhiteElo "1510"]
[BlackElo "2080"]
[PlyCount "66"]
[EventDate "2024.09.11"]
[EventType "team-tourn"]
[EventRounds "11"]
[EventCountry "HUN"]
[WhiteTeam "Bahrain"]
[BlackTeam "Bosnia & Herzegovina"]
[WhiteTeamCountry "BHN"]
[BlackTeamCountry "BIH"]

1. d4 Nf6 2. c4 b6 3. Nc3 Bb7 4. Bg5 e6 5. e3 Be7 6. Nf3 h6 7. Bh4 O-O 8. Bd3 d5 9. O-O dxc4 10. Bxc4 Ne4 11. Bxe7 Qxe7 12. Be2 $146 ({RR} 12. Bd3 Nxc3 13. bxc3 c5 14. Qe2 Nc6 15. a4 Rac8 16. Be4 Na5 17. Bxb7 Qxb7 18. Ne5 Rc7 19. Qf3 Qxf3 20. gxf3 cxd4 21. cxd4 Rfc8 22. h4 Rc2 23. Kg2 R8c3 24. Kg3 Nb3 25. Rad1 Ra2 26. d5 Nd2 {0-1 Bogoljubow,E-Foltys,J Europa-Meisterschaft 1942 (6)}) ({RR} 12. Rc1 Rd8 13. Nxe4 Bxe4 14. Ne5 Nd7 15. Bd3 Bxd3 16. Nc6 Qe8 17. Qxd3 Nc5 18. Rxc5 {½-½ Vyzmanavin,A (2620)-Pigusov,E (2575) Novosibirsk 1993 (3)}) ({RR} 12. Nxe4 Bxe4 13. Rc1 Nd7 14. Ba6 c5 15. Qa4 Bxf3 16. gxf3 Qg5+ 17. Kh1 Qd5 18. e4 Qh5 19. Be2 Rfd8 20. Rfd1 cxd4 21. Rxd4 Ne5 22. Rxd8+ Rxd8 23. Rd1 Rxd1+ 24. Qxd1 Qh3 25. f4 Ng6 26. Qd2 Nh4 {0-1 Bartel,M (2192)-Kiseleva,A (2024) Speed Chess (Women) Q5 blitz 2020 (3)}) ({RR} 12. Ne5 Nxc3 13. bxc3 Qg5 14. Qg4 Qxg4 15. Nxg4 Nd7 16. f3 Rac8 17. e4 c5 18. Rac1 Rfd8 19. Kf2 h5 20. Ne3 Nf6 21. Rfd1 cxd4 22. cxd4 Kf8 23. Rc2 g6 24. Ke2 Ke7 25. a4 Rd7 26. a5 Rdc7 {½-½ Novotny,O-Podgorny,J Prague International 1943 (1)}) ({RR} 12. Rc1 Nd7 13. Nxe4 Bxe4 14. Bb5 Nb8 15. Bd3 Bb7 {½-½ Litmanowicz,W-Szily,J Miedzyzdroje 1952 (11)}) 12... Nxc3 13. bxc3 Nd7 14. Qc2 Rac8 15. Rac1 Rfd8 16. Qa4 a6 17. Rfd1 Nf6 18. Nd2 Rd5 19. Bf3 Ra5 20. Qb4 c5 21. Qb2 Rb5 22. Qa1 Bxf3 23. Nxf3 c4 24. Rb1 Qa3 25. Rxb5 axb5 26. Rb1 Ne4 27. Rxb5 Nxc3 28. Rxb6 Ne2+ 29. Kf1 c3 30. Ne1 c2 31. Nxc2 Rxc2 32. Rb8+ Kh7 33. Qb1 Qd3 0-1

[Event "45th Olympiad Budapest 2024"]
[Site "Budapest"]
[Date "2024.09.11"]
[Round "1"]
[Board "3"]
[White "Jacimovic, Sara"]
[Black "Sharaf, Hawra"]
[Result "1-0"]
[WhiteElo "1981"]
[BlackElo "1595"]
[PlyCount "53"]
[EventDate "2024.09.11"]
[EventType "team-tourn"]
[EventRounds "11"]
[EventCountry "HUN"]
[WhiteTeam "Bosnia & Herzegovina"]
[BlackTeam "Bahrain"]
[WhiteTeamCountry "BIH"]
[BlackTeamCountry "BHN"]

1. d4 d5 2. e3 c6 3. Bd3 Nf6 4. f4 Bg4 5. Nf3 Nbd7 6. Nbd2 e6 7. c3 Be7 ({RR} 7... a6 8. O-O Bd6 9. Qc2 c5 10. h3 Bxf3 11. Nxf3 c4 12. Be2 Ne4 13. Kh2 O-O 14. b3 b5 15. a4 Qc7 16. Bd1 cxb3 17. Qxb3 Qxc3 18. Qxc3 Nxc3 19. Bc2 Rfc8 20. Ng5 g6 21. Nf3 Nb6 22. a5 {0-1 Karaman,D-Kaygun,M ch-TUR w 2024 (5.21)}) 8. O-O O-O 9. Qe1 Rc8 $146 ({RR} 9... Bf5 10. Qe2 Ne4 11. Ne5 Nd6 12. g4 Bxd3 13. Qxd3 Nf6 14. Qe2 Nfe4 15. Rf3 Bh4 16. Rf1 Kh8 17. Nxe4 Nxe4 18. g5 f6 19. gxf6 gxf6 20. Nd3 Rg8+ 21. Kh1 Qf8 22. Bd2 Qh6 23. Rg1 Ng3+ 24. hxg3 {0-1 Colonetti,F (1638)-Merlotti,M (1794) Bratto op-C 35th 2015 (8.3)}) ({RR} 9... Bf5 10. Qe2 Bg4 11. h3 Bh5 12. g4 Bg6 13. Bxg6 hxg6 14. Qd3 Qc7 15. Ne5 Nxe5 16. fxe5 Nh7 17. e4 Ng5 18. exd5 cxd5 19. h4 Ne4 20. Nxe4 dxe4 21. Qxe4 Qc6 22. Qxc6 bxc6 23. g5 c5 24. Be3 {1-0 Freitas,R-De Oliveira,H (2111) Baiano-ch final 2010 (2.3)}) 10. Ne5 Bh5 11. e4 c5 12. Nxd7 Nxd7 13. e5 Bh4 14. Qe3 Bg6 15. Bxg6 fxg6 16. Qh3 Rf5 17. g4 Rf7 18. g5 cxd4 19. cxd4 Bxg5 20. fxg5 Qxg5+ 21. Qg3 Rxf1+ 22. Nxf1 Qf5 23. Bd2 Nb6 24. b3 Rf8 25. Re1 Rc8 26. Bb4 Rc2 27. Ne3 1-0

[Event "45th Olympiad Budapest 2024"]
[Site "Budapest"]
[Date "2024.09.11"]
[Round "1"]
[Board "1"]
[White "Ebrahim, Zahabiyah"]
[Black "Stojkovska, Monika"]
[Result "0-1"]
[WhiteElo "1494"]
[BlackElo "2043"]
[PlyCount "106"]
[EventDate "2024.09.11"]
[EventType "team-tourn"]
[EventRounds "11"]
[EventCountry "HUN"]
[WhiteTeam "Tanzania"]
[BlackTeam "North Macedonia"]
[WhiteTeamCountry "TAN"]

1. d4 Nf6 2. Nf3 b6 3. e3 Bb7 4. Bd3 e6 5. Nbd2 Be7 6. Qe2 c5 $146 ({RR} 6... O-O 7. O-O c5 8. dxc5 bxc5 9. e4 d6 10. Re1 Nc6 11. c3 Nd7 12. Nc4 Nb6 13. Bf4 Nxc4 14. Bxc4 Na5 15. Bd3 Qc7 16. b4 cxb4 17. cxb4 Nc6 18. Rac1 a6 19. a3 Rfc8 20. Red1 Qd7 21. Bc4 {1-0 Eichler,C (2235)-Schulzke,E (2265) BL2-Sued 9798 1997 [7]}) ({RR} 6... d5 7. e4 dxe4 8. Nxe4 O-O 9. O-O Nbd7 10. Neg5 h6 11. Nxe6 Bxf3 12. gxf3 fxe6 13. Qxe6+ Kh8 14. Kh1 Rg8 15. Rg1 Nf8 16. Qc6 Qd5 17. Qxd5 Nxd5 18. c3 Ne6 19. Bf5 Ng5 20. f4 Rgf8 21. fxg5 {0-1 Araujo Filho,L (2077)-Bobomurodova,M (1829) Titled Tue 27th Aug Early 2024 (3)}) ({RR} 6... d6 7. O-O Nbd7 8. e4 O-O 9. c3 Re8 10. e5 Nd5 11. Ne4 Nf8 12. Bb5 c6 13. Bd3 Ng6 14. g3 dxe5 15. Nxe5 Nxe5 16. dxe5 Qc7 17. f4 g6 18. a3 b5 19. h4 a6 20. Be3 c5 21. Bf2 {0-1 Haemmerlein,T (2204)-Tahiri,D (2134) Berlin-ch 2007 (7)}) ({RR} 6... h6 7. O-O Nc6 8. c3 d5 9. e4 Qd7 10. Re1 O-O-O 11. Ba6 dxe4 12. Bxb7+ Kxb7 13. Nxe4 Nxe4 14. Qxe4 Qd5 15. Qxd5 exd5 16. Ne5 Nxe5 17. Rxe5 Bf6 18. Re2 Rhe8 19. Be3 Rd6 20. Rae1 Rde6 21. Kf1 {½-½ Petersen,T (1248)-Nielsen,P (1436) Lovsprings op 08th D 1996 (1)}) 7. c3 cxd4 8. exd4 d6 9. O-O Nbd7 10. Re1 a6 11. Ng5 O-O 12. Nde4 Nxe4 13. Nxe4 Re8 14. Be3 Nf8 15. Rad1 f5 16. Ng3 Bg5 17. f4 Bh4 18. Bf2 g6 19. Qe3 b5 20. Re2 Qd7 21. Rde1 Qc6 22. Ne4 Bxf2+ 23. Qxf2 fxe4 24. Bxe4 Qd7 25. Bc2 Bd5 26. a3 Qf7 27. Qg3 Rad8 28. Qg5 Kg7 29. Rf2 Qf6 30. Qg3 Kh8 31. Re3 Re7 32. Qh3 Rf7 33. Qh6 Qg7 34. Qh4 Qf6 35. Qh6 Qg7 36. Qh4 Qf6 37. Qh6 e5 38. dxe5 dxe5 39. Rxe5 Bc4 40. h3 Nd7 41. Re4 Nc5 42. Re5 Nd3 43. Bxd3 Bxd3 44. g4 Bc4 45. Re4 Rd1+ 46. Kh2 Qc6 47. Re5 Qh1+ 48. Kg3 Rd3+ 49. Kh4 Rxh3+ 50. Kg5 Rxh6 51. f5 Qh4+ 52. Kf4 Qxf2+ 53. Kg5 Qd2+ 0-1

[Event "45th Olympiad Budapest 2024"]
[Site "Budapest"]
[Date "2024.09.11"]
[Round "1"]
[Board "1"]
[White "Zvereva, Marija"]
[Black "Swaminathan, Laia"]
[Result "1-0"]
[WhiteElo "2035"]
[BlackElo "1620"]
[PlyCount "69"]
[EventDate "2024.09.11"]
[EventType "team-tourn"]
[EventRounds "11"]
[EventCountry "HUN"]
[WhiteTeam "Monaco"]
[BlackTeam "Cayman Islands"]
[WhiteTeamCountry "MNC"]
[BlackTeamCountry "CAY"]

1. e4 e5 2. Nf3 Nc6 3. d4 exd4 4. Nxd4 Bc5 5. Nb3 Bb6 6. Nc3 Nge7 7. Qe2 O-O 8. Bg5 f6 9. Be3 ({RR} 9. Bd2 d6 10. O-O-O Be6 11. Kb1 a5 12. f4 a4 13. Nc1 f5 14. g4 Nd4 15. Qg2 fxe4 16. f5 Bf7 17. f6 gxf6 18. Nxe4 Bg6 19. Bd3 d5 20. Ng3 Kh8 21. Nh5 Qd6 22. Rhf1 Bxh5 23. gxh5 Rg8 {½-½ Ni,H (2662)-Ponomariov,R (2764) FIDE World Cup 2011 (2.6)}) ({RR} 9. Bh4 d6 10. O-O-O Be6 11. f4 a5 12. a3 a4 13. Nd2 Ba5 14. Qd3 Qe8 15. Nc4 Qf7 16. Nxa5 Nxa5 17. Nb5 Nec6 18. Qc3 Bc4 19. Nxc7 Rac8 20. Nd5 Bxd5 21. Rxd5 Nb3+ 22. cxb3 Nb4 23. axb4 Rxc3+ {0-1 Darmanin,J (2102)-Kalyani Sirin (2163) Titled Tue 28th May Early 2024 (6)}) 9... Re8 $146 ({RR} 9... d6 10. O-O-O f5 11. f4 fxe4 12. h3 Ng6 13. g3 Bxe3+ 14. Qxe3 Nce7 15. Bc4+ Kh8 16. Nxe4 d5 17. Ng5 c6 18. Bd3 Qb6 19. Rde1 Bf5 20. Nd4 Bxd3 21. Qxd3 {1-0 Polok,K (2299)-Khamidov,K (2118) Krakow op-A 27th 2016 (8)}) ({RR} 9... f5 10. O-O-O f4 11. Bxb6 axb6 12. a3 d6 13. f3 Be6 14. Qd2 Ng6 15. Nd4 Nxd4 16. Qxd4 Qd7 17. h4 Ne5 18. h5 h6 19. Kb1 Qf7 20. Qd2 Kh8 21. Bd3 Bc4 22. Ne2 b5 23. Rh4 Bxd3 24. cxd3 {1-0 Indjic,A (2618)-Saydaliev,S (2384) Titled Tuesday intern op 11th Aug blitz 2020 (6)}) ({RR} 9... f5 10. Bxb6 axb6 11. e5 Ng6 12. Qc4+ Kh8 13. f4 d5 14. Nxd5 Be6 15. O-O-O Nce7 16. Nxe7 Qxe7 17. Qc3 Nxf4 18. Kb1 Nd5 19. Qf3 Nb4 20. a3 Nc6 21. Bb5 Nxe5 22. Qe2 Bxb3 23. cxb3 c6 24. Rhe1 {0-1 Colmenares,A (2316)-Flear,G (2433) Mulhouse IM 2021 (9)}) 10. O-O-O Bxe3+ 11. Qxe3 Ng6 12. Bc4+ Kf8 13. f4 d6 14. Qf3 Be6 15. Bxe6 Rxe6 16. h4 Qe8 17. h5 Nh8 18. h6 g6 19. Nd5 Qf7 20. f5 gxf5 21. exf5 Re5 22. Rh3 Ne7 23. Nxe7 Qxe7 24. Rg3 Nf7 25. Rg7 Re1 26. Nd4 Re8 27. Ne6+ Rxe6 28. fxe6 Qxe6 29. Rf1 Qxa2 30. Qxf6 Qa1+ 31. Kd2 Qa5+ 32. c3 Qd5+ 33. Kc1 Re7 34. Rg8+ Kxg8 35. Qg7# 1-0

[Event "45th Olympiad Budapest 2024"]
[Site "Budapest"]
[Date "2024.09.11"]
[Round "1"]
[Board "3"]
[White "Berezovska, Svetlana"]
[Black "Majid, Zara"]
[Result "1-0"]
[WhiteElo "1869"]
[BlackElo "1533"]
[PlyCount "77"]
[EventDate "2024.09.11"]
[EventType "team-tourn"]
[EventRounds "11"]
[EventCountry "HUN"]
[WhiteTeam "Monaco"]
[BlackTeam "Cayman Islands"]
[WhiteTeamCountry "MNC"]
[BlackTeamCountry "CAY"]

1. e4 d6 2. d4 Nf6 3. Nc3 g6 4. Nf3 Bg7 5. Bc4 O-O 6. O-O Nxe4 7. Nxe4 d5 8. Bd3 dxe4 9. Bxe4 Nd7 10. c3 Nf6 11. Bc2 b6 12. Re1 ({RR} 12. Ne5 Bb7 13. Qe2 Qd5 14. f3 Nd7 15. Bb3 Qd6 16. Bf4 Nxe5 17. Bxe5 Bxe5 18. dxe5 Qc5+ 19. Kh1 e6 20. Rfd1 Rad8 21. f4 Kg7 22. h3 h5 23. Kh2 a5 24. a4 Qc6 25. Rd2 Rxd2 26. Qxd2 Rd8 {0-1 Shakirov,M (2166)-Romero Ruscalleda,J (2153) Titled Tue 30th Apr Late 2024 (9)}) 12... h6 $146 ({RR} 12... Bb7 13. Qe2 e6 14. Bg5 Qd6 15. Qe5 Ne8 16. Qxd6 Nxd6 17. Bb3 Rfe8 18. Bf4 Rad8 19. Ne5 f6 20. Nc4 Kf7 21. Rad1 Bf8 22. Rd2 Nxc4 23. Bxc4 Bd6 24. Bxd6 Rxd6 25. Rde2 Bd5 26. Bxd5 Rxd5 27. Re4 {½-½ Ponikowski,P (1999)-Choroszej,A (2190) Mazowiec-chT op 2013 (4.13)}) ({RR} 12... Bb7 13. Bg5 e6 14. Qe2 a5 15. Rad1 a4 16. c4 h6 17. Bh4 Qd6 18. Ne5 Nd7 19. f4 Nxe5 20. fxe5 Qb4 21. Bd3 a3 22. b3 b5 23. Rc1 g5 24. Bf2 bxc4 25. Rxc4 Qe7 26. Rec1 Rfc8 27. Be4 {½-½ Schoppen,C (2440)-Vitiugov,N (2728) EU-Cup 33rd Antalya 2017 (5.4)}) ({RR} 12... Bb7 13. Qe2 Re8 14. Ne5 Qd6 15. Bb3 e6 16. h3 a6 17. Bf4 Qe7 18. Bg5 Qd6 19. Bf4 Nh5 20. Bh2 Qe7 21. Qg4 Nf6 22. Qh4 Rad8 23. Rad1 Nd7 24. Qxe7 Rxe7 25. Ng4 Nf6 26. Nxf6+ Bxf6 27. Be5 {½-½ Rozgonyi,A (2125)-Szabo,Z (2370) HUN-chT 9697 1996 (14)}) ({RR} 12... Bb7 13. Qe2 e6 14. Ng5 h6 15. Ne4 Nd5 16. Bd2 a5 17. Rac1 Qh4 18. Ng3 Nf4 19. Bxf4 Qxf4 20. Be4 Ba6 21. Qe3 Qxe3 22. Rxe3 Rad8 23. Rce1 f5 24. Bd3 f4 25. Bxa6 fxe3 26. Rxe3 Rfe8 27. Bc4 {0-1 Elsaesser,T (1920)-Vinot,S (2185) FRA-chT2O 0203 2002 (10.8)}) 13. Qe2 e6 14. Bf4 Nd5 15. Be5 Bxe5 16. dxe5 Bb7 17. Be4 Nf4 18. Qe3 Bxe4 19. Qxe4 Nd5 20. Rad1 Qe8 21. Rd3 c5 22. Qh4 Kg7 23. Red1 Qe7 24. Qg3 Rad8 25. h4 Nc7 26. h5 Rxd3 27. Rxd3 g5 28. Nd2 Nd5 29. Ne4 Nf4 30. Re3 Nxh5 31. Qg4 Nf4 32. Nf6 Qd8 33. g3 Nd5 34. Nh5+ Kg6 35. Qe4+ f5 36. exf6+ Kf7 37. Qxe6+ Kg6 38. Qe4+ Kf7 39. Qh7# 1-0

[Event "45th Olympiad Budapest 2024"]
[Site "Budapest"]
[Date "2024.09.11"]
[Round "1"]
[Board "2"]
[White "Danwe, Maissiri Carole"]
[Black "Mirza, Diana"]
[Result "0-1"]
[WhiteElo "1456"]
[BlackElo "1962"]
[PlyCount "62"]
[EventDate "2024.09.11"]
[EventType "team-tourn"]
[EventRounds "11"]
[EventCountry "HUN"]
[WhiteTeam "Cameroon"]
[BlackTeam "Ireland"]
[WhiteTeamCountry "CAM"]
[BlackTeamCountry "IRL"]

1. e4 d5 2. exd5 Qxd5 3. Nf3 Bg4 4. Nc3 Qd8 5. Bc4 e6 6. O-O ({RR} 6. h3 Bxf3 7. Qxf3 c6 8. O-O Nf6 9. d3 Nbd7 10. Re1 Bd6 11. Bg5 h6 12. Bh4 Qc7 13. d4 g5 14. Bg3 Bxg3 15. fxg3 O-O-O 16. b4 Rdf8 17. b5 Nd5 18. bxc6 bxc6 19. Ba6+ Kd8 20. Ne4 Qb6 {1-0 Kalyani Sirin (2106)-Gandhi,S (1908) Titled Tue 2nd Jul Late 2024 (4)}) ({RR} 6. h3 Bxf3 7. Qxf3 c6 8. O-O Nf6 9. d3 Bd6 10. Ne4 Nxe4 11. dxe4 Nd7 12. Qe2 Ne5 13. Bb3 a5 14. a4 O-O 15. f4 Bc5+ 16. Kh1 Ng6 17. f5 exf5 18. exf5 Ne7 19. f6 gxf6 20. Bh6 Ng6 {1-0 Toncheva,N (2212)-Mirza,D (1905) Titled Tuesday intern op 03rd May Late blitz 2022 (2)}) 6... Nf6 7. d4 c6 8. a3 $146 ({RR} 8. Be3 Be7 9. h3 Bxf3 10. Qxf3 O-O 11. Qg3 Bd6 12. f4 Nd5 13. Nxd5 cxd5 14. Bd3 Nd7 15. Qf3 g6 16. f5 Qh4 17. Bf2 Qf4 18. Qxf4 Bxf4 19. fxe6 fxe6 20. Rae1 e5 21. g3 Bg5 22. dxe5 Be7 {1-0 Ladron de Guevara Bravo,P-Martinez Garret,J Malaga-ch 2005 (2)}) 8... Bxf3 9. gxf3 Qc7 10. Ne4 Nbd7 11. c3 g5 12. Kh1 h6 13. b4 Nd5 14. Qd3 O-O-O 15. a4 Nf4 16. Qe3 Nb6 17. Bb3 Nbd5 18. Bxd5 exd5 19. Ng3 Bd6 20. b5 h5 21. Ba3 Bxa3 22. Rxa3 Rhe8 23. Qd2 h4 24. Nf5 Re2 25. Qc1 Nd3 26. Qb1 Nxf2+ 27. Kg2 Ne4+ 28. Kh3 Rxh2+ 29. Kg4 Qf4+ 30. Kh5 Rh8+ 31. Nh6 Nf6# 0-1

[Event "45th Olympiad Budapest 2024"]
[Site "Budapest"]
[Date "2024.09.11"]
[Round "1"]
[Board "3"]
[White "Gora, Antonina"]
[Black "Tchouateu, Tankeu Stephanie"]
[Result "1-0"]
[WhiteElo "1943"]
[BlackElo "1565"]
[PlyCount "87"]
[EventDate "2024.09.11"]
[EventType "team-tourn"]
[EventRounds "11"]
[EventCountry "HUN"]
[WhiteTeam "Ireland"]
[BlackTeam "Cameroon"]
[WhiteTeamCountry "IRL"]
[BlackTeamCountry "CAM"]

1. e4 e5 2. Nf3 Nc6 3. Bc4 Nf6 4. d3 Bc5 5. c3 a5 6. Nbd2 d6 7. O-O O-O 8. h3 h6 9. Re1 Re8 ({RR} 9... Be6 10. Bb5 Qb8 11. Nf1 Qa7 12. Re2 a4 13. Ng3 Bb6 14. Bxc6 bxc6 15. Nh4 Kh7 16. Nhf5 Ng8 17. Qd2 f6 18. d4 Rf7 19. Qc2 g6 20. Nh4 Ne7 21. Qd2 g5 22. Nhf5 Nxf5 23. exf5 Bc4 24. dxe5 {½-½ Cheparinov,I (2693)-Hovhannisyan,R (2601) EU-ch 19th Batumi 2018 (7)}) ({RR} 9... a4 10. Bb5 Bd7 11. Nf1 Ne7 12. Bxd7 Qxd7 13. Qe2 Ng6 14. Ng3 Rfe8 15. d4 Ba7 16. Be3 exd4 17. Bxd4 Bxd4 18. cxd4 Nf4 19. Qc2 N4h5 20. e5 Nxg3 21. exf6 Nh5 22. fxg7 Nxg7 23. d5 Rxe1+ 24. Rxe1 {½-½ Haring,F (2484)-Berkes,F (2618) TCh-HUN 2023-24 (8.2)}) 10. Nf1 d5 $146 ({RR} 10... Ba7 11. Be3 Ne7 12. Bxa7 Rxa7 13. d4 Ng6 14. dxe5 dxe5 15. Qb3 Be6 16. a4 Bxc4 17. Qxc4 Ra6 18. Rad1 Rd6 19. Ne3 Nf4 20. Rxd6 Qxd6 21. Rd1 Qb6 22. b4 c6 23. Nf5 axb4 24. cxb4 Qc7 25. a5 {1-0 Haug,H (2199)-Diller,D (2120) World Rapid Team 2023 (11.10)}) ({RR} 10... Be6 11. Bb5 Bd7 12. Ng3 Ne7 13. Bxd7 Qxd7 14. Nh4 Ng6 15. Nhf5 Kh7 16. Qf3 Qe6 17. d4 exd4 18. cxd4 Bb4 19. Re2 d5 20. e5 Ng8 21. Qd3 Qa6 22. Qe3 c5 23. f4 cxd4 24. Qxd4 Qc4 25. Qxc4 {½-½ Rozman,M (2111)-Lohia,S (2185) Nova Gorica op-A 26th 2022 (7)}) 11. exd5 Nxd5 12. Ng3 Nf6 13. Nd2 a4 14. Nde4 b6 15. Nxc5 bxc5 16. Bb5 Bd7 17. Bxa4 Na5 18. Bxd7 Qxd7 19. Be3 c4 20. b4 cxb3 21. axb3 Nb7 22. Rxa8 Rxa8 23. d4 e4 24. Qc2 Re8 25. c4 Nd6 26. Bf4 Nf5 27. Nxf5 Qxf5 28. Bxc7 Qd7 29. Be5 Qc6 30. Bxf6 Qxf6 31. Rxe4 Rxe4 32. Qxe4 Qb6 33. Qe3 g5 34. d5 Qa6 35. c5 Kf8 36. d6 Qc6 37. Qe7+ Kg7 38. d7 Qxd7 39. Qxd7 Kf6 40. c6 Ke5 41. c7 f5 42. c8=Q Kf6 43. Qh8+ Kg6 44. Qde8# 1-0